| 000 | 00795nam a22002177a 4500 | ||
|---|---|---|---|
| 005 | 20100813115918.0 | ||
| 010 | _aENG-100314 | ||
| 020 |
_a9788189973667 _c220.00 |
||
| 020 |
_a8189973665 _c220.00 |
||
| 035 | _aEN-83846 | ||
| 037 | _bDBAD/PUB | ||
| 082 | _a181.45 | ||
| 100 |
_aKrishnamurthy, V. _912695 |
||
| 245 |
_aLive happily the gita way: _cby V. Krishnamurthy _b(a non-dualistic approach) / |
||
| 260 |
_aNew Delhi _bReadworthy Publications _c2008 |
||
| 270 |
_aNew Delhi _bA-18, Mohan Garden Near Nawada Metro Station _e110059 |
||
| 300 |
_axvi, 205p. _c22cm (pbk) |
||
| 700 | _912606 | ||
| 942 |
_2ddc _cEN _h181.45 _mKRI |
||
| 999 |
_c41643 _d41643 |
||